[Event "CCT Play-in Chessable Masters 2024"]
[Site "Online"]
[Date "2024.01.31"]
[Round "1"]
[White "Sam_ChessMood"]
[Black "Pakleza, Zbigniew"]
[Result "1/2-1/2"]
[WhiteElo "2596"]
[BlackElo "2482"]
[Annotator "RC"]
[PlyCount "88"]
[EventDate "2024.01.26"]
[EventType "swiss"]
[EventCountry "NET"]
[SourceTitle "playchess.com"]
[Source "ChessBase"]
[SourceQuality "1"]

1. e4 d6 2. d4 Nf6 3. Nc3 c6 4. f4 Qb6 5. Nf3 Bg4 6. e5 Nd5 7. Nxd5 cxd5 8. c3 e6 9. Bd3 g6 10. O-O Nc6 11. Kh1 Be7 12. Qe2 O-O-O 13. Be3 Kb8 14. b4 Bf5 15. Bxf5 gxf5 16. a4 Rc8 17. a5 Qc7 18. Bf2 Rhg8 19. Rfb1 Qd7 20. h3 Bd8 21. exd6 Qxd6 22. Ne5 Nxe5 23. dxe5 Qc6 24. Bd4 b5 25. axb6 Bxb6 26. Bc5 d4 27. cxd4 Rg3 28. d5 Qxd5 29. Bxb6 axb6 30. Qf2 Rcc3 31. Kh2 Kb7 32. Rd1 Rgd3 33. Rxd3 Rxd3 34. Qh4 Rd2 35. Qg5 Kc6 36. Ra7 h6 37. Qg3 Qd4 38. Qf3+ Kb5 39. Rxf7 Rd1 40. Rc7 Qg1+ 41. Kg3 Qe1+ 42. Kh2 Qg1+ 43. Kg3 Qe1+ 44. Kh2 Qg1+ 1/2-1/2

[Event "CCT Play-in Chessable Masters 2024"]
[Site "Online"]
[Date "2024.01.31"]
[Round "1"]
[White "Indjic, Aleksandar"]
[Black "Gledura, Benjamin"]
[Result "1-0"]
[WhiteElo "2595"]
[BlackElo "2633"]
[Annotator "RC"]
[PlyCount "103"]
[EventDate "2024.01.26"]
[EventType "swiss"]
[EventCountry "NET"]
[SourceTitle "playchess.com"]
[Source "ChessBase"]
[SourceQuality "1"]

1. c4 c5 2. Nf3 Nc6 3. d4 cxd4 4. Nxd4 Nf6 5. Nc3 e6 6. g3 Qb6 7. Ndb5 a6 8. Nd6+ Bxd6 9. Qxd6 Qd4 10. Bf4 e5 11. Qxd4 Nxd4 12. Bxe5 Nc2+ 13. Kd2 Nxa1 14. Bxf6 gxf6 15. Bg2 d6 16. Nd5 O-O 17. Nxf6+ Kg7 18. Nh5+ Kh6 19. Nf4 Be6 20. Rxa1 Bxc4 21. b3 Bb5 22. Bxb7 Rab8 23. Bd5 Rbc8 24. h4 Bc6 25. Bc4 Bb5 26. Bd5 Bc6 27. g4 Kg7 28. e4 a5 29. f3 Bxd5 30. Nxd5 Rc5 31. Rd1 Rfc8 32. Ke3 Rc2 33. Ne7 R8c3+ 34. Kf4 f6 35. Nf5+ Kf7 36. Nxd6+ Kf8 37. Nb5 Rc5 38. Nd4 Rc1 39. Rd2 Kf7 40. Nf5 Rc7 41. Rd8 R1c2 42. a4 R2c3 43. Rh8 Rd7 44. Rxh7+ Ke6 45. Ng7+ Kf7 46. Nh5+ Ke6 47. Rxd7 Kxd7 48. Nxf6+ Ke6 49. e5 Rxb3 50. h5 Rb4+ 51. Kg5 Rxa4 52. h6 1-0

[Event "CCT Play-in Chessable Masters 2024"]
[Site "Online"]
[Date "2024.01.31"]
[Round "1"]
[White "Yoo, Christopher Woojin"]
[Black "Gascon Del Nogal, Jose Rafael"]
[Result "1-0"]
[WhiteElo "2595"]
[BlackElo "2475"]
[Annotator "RC"]
[PlyCount "89"]
[EventDate "2024.01.26"]
[EventType "swiss"]
[EventCountry "NET"]
[SourceTitle "playchess.com"]
[Source "ChessBase"]
[SourceQuality "1"]

1. d4 Nf6 2. Nf3 e6 3. c4 b6 4. g3 Bb7 5. Bg2 Be7 6. O-O O-O 7. Bf4 d6 8. Qc2 Be4 9. Qc1 Bb7 10. Qc2 Be4 11. Qd1 Bb7 12. Nc3 Ne4 13. Rc1 Nd7 14. Nxe4 Bxe4 15. b4 a5 16. b5 Bf6 17. Re1 a4 18. h4 a3 19. Ng5 Bxg2 20. Kxg2 h6 21. Nf3 Re8 22. e4 e5 23. Be3 exd4 24. Bxd4 Nc5 25. Bxc5 bxc5 26. Qd5 Bb2 27. Rcd1 Qe7 28. Qc6 Qe6 29. Rd5 Qc8 30. e5 dxe5 31. Rxc5 Qf5 32. Qxc7 Rac8 33. Qb6 Rxc5 34. Qxc5 Rc8 35. Qd5 Qc2 36. b6 Rb8 37. c5 Bd4 38. Nxd4 exd4 39. Qxd4 Qxa2 40. c6 Qc2 41. c7 Qc6+ 42. Kh2 Rxb6 43. Qxb6 Qxb6 44. c8=Q+ Kh7 45. Qf5+ 1-0

[Event "CCT Play-in Chessable Masters 2024"]
[Site "Online"]
[Date "2024.01.31"]
[Round "1"]
[White "vugarrasulov"]
[Black "Lodici, Lorenzo"]
[Result "1/2-1/2"]
[WhiteElo "2594"]
[BlackElo "2548"]
[Annotator "RC"]
[PlyCount "182"]
[EventDate "2024.01.26"]
[EventType "swiss"]
[EventCountry "NET"]
[SourceTitle "playchess.com"]
[Source "ChessBase"]
[SourceQuality "1"]

1. e4 e5 2. Nf3 Nc6 3. Bb5 a6 4. Ba4 Nf6 5. Bxc6 dxc6 6. d3 Nd7 7. Nbd2 f6 8. O-O Nc5 9. Nb3 Nxb3 10. axb3 c5 11. Nh4 Be6 12. Be3 Qd7 13. Qf3 a5 14. h3 b6 15. Bd2 Rg8 16. Nf5 O-O-O 17. Bxa5 bxa5 18. Rxa5 Qc6 19. Rfa1 Kd7 20. Ra6 Qb5 21. Kh2 g6 22. Ne3 Be7 23. R1a5 Qb4 24. Qe2 Bd6 25. Nd1 f5 26. Nc3 f4 27. Ra7 Qb8 28. Nb5 Ke8 29. c3 Bd7 30. Nxd6+ cxd6 31. d4 cxd4 32. cxd4 Rg7 33. dxe5 dxe5 34. Qc4 Kf8 35. Qc5+ Re7 36. R5a6 Qxb3 37. Rb6 Qf7 38. Raa6 Ke8 39. Rf6 Qb3 40. Rab6 Qg8 41. b4 Rc8 42. Qd6 Qc4 43. Rb7 Rd8 44. Rb8 Rxb8 45. Qxb8+ Qc8 46. Qa7 Re6 47. Rxe6+ Bxe6 48. Qxh7 Qc4 49. Qh8+ Kd7 50. Qxe5 f3 51. gxf3 Bf7 52. b5 Qb3 53. Kg2 Bc4 54. Qg7+ Kc8 55. Qxg6 Bxb5 56. h4 Qd1 57. Qf5+ Bd7 58. Qf8+ Kb7 59. h5 Bb5 60. Qe7+ Ka6 61. Qf6+ Ka5 62. Kh2 Qf1 63. Qh4 Be2 64. Qg3 Qc1 65. f4 Bxh5 66. Qg5+ Kb4 67. Qxh5 Qxf4+ 68. Kh3 Qxf2 69. Qd5 Qf3+ 70. Kh4 Qf4+ 71. Kh5 Qf3+ 72. Kg5 Qg3+ 73. Kf6 Qf4+ 74. Ke7 Qc7+ 75. Ke6 Qc8+ 76. Qd7 Qg8+ 77. Kd6 Qg3+ 78. e5 Qd3+ 79. Ke7 Qh7+ 80. Kd8 Qg8+ 81. Qe8 Qd5+ 82. Kc7 Qc5+ 83. Kb7 Qd5+ 84. Kb6 Qa5+ 85. Kb7 Qd5+ 86. Ka7 Qa5+ 87. Kb8 Qb6+ 88. Kc8 Qa6+ 89. Kd8 Qa5+ 90. Kc8 Qc5+ 91. Kb7 Qd5+ 1/2-1/2

[Event "CCT Play-in Chessable Masters 2024"]
[Site "Online"]
[Date "2024.01.31"]
[Round "1"]
[White "Laurusas, Tomas"]
[Black "Kamsky, Gata"]
[Result "1/2-1/2"]
[WhiteElo "2590"]
[BlackElo "2623"]
[Annotator "RC"]
[PlyCount "103"]
[EventDate "2024.01.26"]
[EventType "swiss"]
[EventCountry "NET"]
[SourceTitle "playchess.com"]
[Source "ChessBase"]
[SourceQuality "1"]

1. d4 f5 2. c4 Nf6 3. Nc3 e6 4. Nf3 Bb4 5. Bd2 a5 6. g3 b6 7. Bg2 Bb7 8. O-O O-O 9. Rc1 Ne4 10. Qc2 Nxc3 11. Bxc3 Be4 12. Qd2 Qe7 13. Rfd1 d6 14. Bf1 Nd7 15. Qe1 f4 16. Bg2 Bxc3 17. Qxc3 Qf6 18. Rf1 Rad8 19. b3 g5 20. Nd2 Bxg2 21. Kxg2 e5 22. Ne4 Qg6 23. Qd3 Rde8 24. d5 Nc5 25. Nxc5 bxc5 26. Qxg6+ hxg6 27. f3 e4 28. gxf4 gxf4 29. Kf2 Kg7 30. Rg1 Rh8 31. Rg2 e3+ 32. Kg1 Kf6 33. Kh1 g5 34. a4 Rb8 35. Rb1 Rh5 36. Rgg1 Ke5 37. Kg2 Rbh8 38. Rh1 Rh3 39. Rbd1 Kf5 40. Rdg1 Kf6 41. Rf1 Ke5 42. Rd1 Kf5 43. Rdg1 R3h7 44. Rd1 Rg8 45. h3 Rb8 46. Rd3 Rhh8 47. Rc1 Rh7 48. Rh1 Rbh8 49. Rh2 Kf6 50. Rh1 Kf5 51. Rdd1 Rb8 52. Rd3 1/2-1/2

[Event "CCT Play-in Chessable Masters 2024"]
[Site "Online"]
[Date "2024.01.31"]
[Round "1"]
[White "Lupulescu, Constantin"]
[Black "Bachmann, Axel"]
[Result "1/2-1/2"]
[WhiteElo "2589"]
[BlackElo "2578"]
[Annotator "RC"]
[PlyCount "82"]
[EventDate "2024.01.26"]
[EventType "swiss"]
[EventCountry "NET"]
[SourceTitle "playchess.com"]
[Source "ChessBase"]
[SourceQuality "1"]

1. d4 d5 2. c4 dxc4 3. e3 Nf6 4. Bxc4 e6 5. Nf3 a6 6. O-O b5 7. Be2 Bb7 8. b3 Nbd7 9. Bb2 c5 10. Nbd2 Be7 11. Rc1 Rc8 12. a4 b4 13. Nc4 O-O 14. Nfe5 cxd4 15. Qxd4 Nc5 16. Qxd8 Rfxd8 17. Na5 Bd5 18. Bc4 Ba8 19. Rfd1 Rxd1+ 20. Rxd1 Nfe4 21. Bf1 Nc3 22. Rd2 f6 23. Nec4 Rd8 24. f3 e5 25. Bxc3 bxc3 26. Rc2 e4 27. Be2 exf3 28. gxf3 Ne6 29. Rxc3 Bb4 30. Rc1 Kf8 31. Rd1 Rxd1+ 32. Bxd1 Ke7 33. Nb6 Bxa5 34. Nxa8 Nc5 35. b4 Bxb4 36. Nb6 Kd6 37. Kf2 Kc6 38. Nc4 Kd5 39. Nb6+ Kc6 40. Nc4 Kd5 41. Nb6+ Kc6 1/2-1/2

[Event "CCT Play-in Chessable Masters 2024"]
[Site "Online"]
[Date "2024.01.31"]
[Round "1"]
[White "Lysyj, Igor"]
[Black "Cuenca Jimenez, Jose Fernando"]
[Result "1-0"]
[WhiteElo "2589"]
[BlackElo "2514"]
[Annotator "RC"]
[PlyCount "145"]
[EventDate "2024.01.26"]
[EventType "swiss"]
[EventCountry "NET"]
[SourceTitle "playchess.com"]
[Source "ChessBase"]
[SourceQuality "1"]

1. d4 d5 2. c4 e6 3. Nf3 Nf6 4. g3 Bb4+ 5. Bd2 Be7 6. Bg2 O-O 7. O-O c6 8. Qc2 Nbd7 9. Rd1 a5 10. Be1 Ne4 11. Nc3 f5 12. e3 Bd6 13. a3 Qf6 14. Ne2 g5 15. b4 axb4 16. Bxb4 Qe7 17. cxd5 exd5 18. Bxd6 Qxd6 19. Qb2 b5 20. Ne5 Nb6 21. Qb4 Bb7 22. Bxe4 Qxb4 23. Bxd5+ Nxd5 24. axb4 Nxb4 25. Nd7 Rxa1 26. Rxa1 Ra8 27. Rxa8+ Bxa8 28. Nc5 Nd5 29. h3 Kf7 30. g4 fxg4 31. hxg4 Nf6 32. f3 Ke7 33. Nc1 Kd6 34. e4 Kc7 35. Kf2 h6 36. N1d3 Bb7 37. Ne5 Bc8 38. Ke3 Kb6 39. Nf7 Ng8 40. e5 Kc7 41. Ke4 b4 42. Kd3 Bd7 43. Kc4 Be8 44. Nd6 Bg6 45. Kxb4 Ne7 46. Kc3 Nd5+ 47. Kd2 Nf4 48. Nde4 Kd8 49. Nf6 Bf7 50. Ke3 Ke7 51. Nce4 Ng2+ 52. Kf2 Nf4 53. Ng3 Be6 54. Nf5+ Bxf5 55. gxf5 Kf7 56. Ne4 Nd5 57. Kg3 Ne3 58. Nd6+ Kf8 59. f4 gxf4+ 60. Kxf4 Nd5+ 61. Kg4 Ne3+ 62. Kh5 Nc2 63. Kxh6 Nxd4 64. Kg5 Ke7 65. Ne4 Nf3+ 66. Kf4 Nd4 67. Nc5 Nb5 68. Kg5 Nd4 69. Kg6 Nf3 70. f6+ Kf8 71. e6 Ne5+ 72. Kf5 Nf3 73. Nd7+ 1-0

[Event "CCT Play-in Chessable Masters 2024"]
[Site "Online"]
[Date "2024.01.31"]
[Round "1"]
[White "Fridman, Daniel"]
[Black "Shyam, Sundar M."]
[Result "1/2-1/2"]
[WhiteElo "2588"]
[BlackElo "2497"]
[Annotator "RC"]
[PlyCount "113"]
[EventDate "2024.01.26"]
[EventType "swiss"]
[EventCountry "NET"]
[SourceTitle "playchess.com"]
[Source "ChessBase"]
[SourceQuality "1"]

1. Nf3 f5 2. d3 Nc6 3. e4 e5 4. d4 fxe4 5. Nxe5 Nf6 6. Bc4 d5 7. Bb5 Qd6 8. Nc3 Be7 9. Bf4 Qe6 10. f3 O-O 11. fxe4 Nxe4 12. O-O Nxc3 13. bxc3 Nxe5 14. Bxe5 Rxf1+ 15. Qxf1 c6 16. Bd3 Bd7 17. Re1 Rf8 18. Qe2 Bd6 19. Qh5 g6 20. Bxg6 Qxg6 21. Qxg6+ hxg6 22. Bxd6 Re8 23. Be5 Bf5 24. Re2 Bg4 25. Re3 Bf5 26. Kf2 Bxc2 27. Rh3 Re7 28. Rh8+ Kf7 29. g4 Ke6 30. Kg3 a5 31. h4 Rf7 32. Re8+ Kd7 33. Rb8 Ke6 34. Bf4 Rh7 35. Rd8 Rd7 36. Ra8 a4 37. h5 gxh5 38. gxh5 Rg7+ 39. Kh4 Kf5 40. Rf8+ Ke4 41. h6 Rh7 42. Bg5 Kd3 43. Rf3+ Kc4 44. Rg3 a3 45. Bc1 b5 46. Kg5 Ra7 47. Kf6 Bb1 48. Rg7 Ra8 49. Rc7 Kxc3 50. Kg7 Kxd4 51. Rxc6 Ra7+ 52. Kg8 b4 53. Bd2 Ra8+ 54. Kg7 Ra7+ 55. Kg8 Ra8+ 56. Kg7 Ra7+ 57. Kg8 1/2-1/2

[Event "CCT Play-in Chessable Masters 2024"]
[Site "Online"]
[Date "2024.01.31"]
[Round "1"]
[White "Sasikiran, Krishnan"]
[Black "Matlakov, Maxim"]
[Result "1/2-1/2"]
[WhiteElo "2586"]
[BlackElo "2662"]
[Annotator "TA"]
[PlyCount "85"]
[EventDate "2024.01.26"]
[EventType "swiss"]
[EventCountry "NET"]
[SourceTitle "playchess.com"]
[Source "ChessBase"]
[SourceQuality "1"]

1. d4 Nf6 2. c4 e6 3. g3 d5 4. Bg2 Be7 5. Nf3 O-O 6. O-O dxc4 7. Qc2 a6 8. a4 h6 9. Rd1 Nc6 10. e3 Nb4 11. Qxc4 b5 12. Qe2 Bb7 13. Nc3 Nbd5 14. axb5 axb5 15. Bd2 b4 16. Nxd5 Bxd5 17. Be1 Qb8 18. Nd2 Qb7 19. e4 Bc6 20. f3 Bb5 21. Qe3 Rxa1 22. Rxa1 Ra8 23. Rc1 Nd7 24. Bf2 e5 25. Nb3 Ra2 26. Qd2 Bd6 27. f4 f6 28. fxe5 fxe5 29. Nc5 Bxc5 30. dxc5 Bc6 31. Bf1 Ra8 32. Be3 Nf6 33. Bxh6 Nxe4 34. Qe3 Rf8 35. Bg5 Bd5 36. Bd3 Nf2 37. Bf1 Qc6 38. Qxe5 Be6 39. Bg2 Nh3+ 40. Kh1 Nf2+ 41. Kg1 Nh3+ 42. Kh1 Nf2+ 43. Kg1 1/2-1/2

[Event "CCT Play-in Chessable Masters 2024"]
[Site "Online"]
[Date "2024.01.31"]
[Round "1"]
[White "artooon"]
[Black "Zhu, Jiner"]
[Result "1/2-1/2"]
[WhiteElo "2586"]
[BlackElo "2467"]
[Annotator "RC"]
[PlyCount "126"]
[EventDate "2024.01.26"]
[EventType "swiss"]
[EventCountry "NET"]
[SourceTitle "playchess.com"]
[Source "ChessBase"]
[SourceQuality "1"]

1. e4 c5 2. Nf3 Nc6 3. d4 cxd4 4. Nxd4 Nf6 5. Nc3 e5 6. Ndb5 d6 7. Nd5 Nxd5 8. exd5 Nb8 9. a4 Be7 10. Be2 Nd7 11. O-O O-O 12. b4 a6 13. Na3 b6 14. Nc4 a5 15. b5 Bb7 16. f4 f5 17. Ra3 Qc7 18. fxe5 Nxe5 19. Rc3 Rae8 20. Be3 Nxc4 21. Rxc4 Qd8 22. Kh1 Bf6 23. Bf4 Be5 24. Bf3 Bxf4 25. Rxf4 Qe7 26. Rc4 Qe3 27. Rc7 Re7 28. Rxe7 Qxe7 29. Qd4 Qc7 30. Re1 Bc8 31. c4 Bd7 32. Qf4 g6 33. Qh4 Qd8 34. Qd4 Re8 35. Rxe8+ Bxe8 36. h4 Bf7 37. Kh2 h5 38. Kg3 Kh7 39. Kf2 Kg8 40. g3 Kh7 41. Qe3 Qc7 42. Be2 Kg8 43. Kg2 Qd8 44. Kf1 Kh7 45. Kg2 Kg8 46. Bf3 Kh7 47. Qg5 Qxg5 48. hxg5 Kg7 49. Kf2 Kf8 50. Ke3 Ke7 51. Kf4 Be8 52. Be2 Kd7 53. Bd1 Ke7 54. Bf3 Kd7 55. Bd1 Ke7 56. Be2 Kd7 57. c5 bxc5 58. Bc4 Kc7 59. Ke3 Bf7 60. Kf4 Kb6 61. Ke3 Kc7 62. Kf4 Be8 63. Ke3 Bf7 1/2-1/2

[Event "CCT Play-in Chessable Masters 2024"]
[Site "Online"]
[Date "2024.01.31"]
[Round "1"]
[White "Bologan, Victor"]
[Black "Sarana, Alexey"]
[Result "0-1"]
[WhiteElo "2585"]
[BlackElo "2695"]
[Annotator "TA"]
[PlyCount "68"]
[EventDate "2024.01.26"]
[EventType "swiss"]
[EventCountry "NET"]
[SourceTitle "playchess.com"]
[Source "ChessBase"]
[SourceQuality "1"]

1. e4 c5 2. Nf3 e6 3. d3 Nc6 4. g3 Nf6 5. Bg2 d5 6. Qe2 Be7 7. O-O O-O 8. e5 Nd7 9. c4 a6 10. Nc3 Nd4 11. Nxd4 cxd4 12. Nxd5 exd5 13. cxd5 Re8 14. f4 Nc5 15. f5 Bf6 16. e6 b6 17. b4 Nb7 18. Bf4 Nd6 19. Qh5 Ra7 20. Bxd6 Qxd6 21. Rac1 Qxb4 22. Rc6 Qf8 23. Rfc1 Bd7 24. Rxb6 Bb5 25. d6 g6 26. Qg4 Qh6 27. Re1 Qd2 28. Rd1 Qe3+ 29. Kh1 Kg7 30. Be4 h5 31. Qh3 Qe2 32. Qf1 Qxf1+ 33. Rxf1 gxf5 34. d7 Rxe6 0-1

[Event "CCT Play-in Chessable Masters 2024"]
[Site "Online"]
[Date "2024.01.31"]
[Round "1"]
[White "GMBenjaminBok"]
[Black "MikaelyanArman"]
[Result "1-0"]
[WhiteElo "2584"]
[BlackElo "2364"]
[Annotator "RC"]
[PlyCount "81"]
[EventDate "2024.01.26"]
[EventType "swiss"]
[EventCountry "NET"]
[SourceTitle "playchess.com"]
[Source "ChessBase"]
[SourceQuality "1"]

1. c4 c6 2. Nf3 d5 3. e3 Nf6 4. Nc3 Nbd7 5. d4 e6 6. Qc2 Bd6 7. b3 O-O 8. Be2 b6 9. O-O Bb7 10. Bb2 Qe7 11. Rad1 Rad8 12. Rfe1 Rfe8 13. Bf1 dxc4 14. bxc4 c5 15. d5 exd5 16. cxd5 a6 17. a4 Ne5 18. Nxe5 Bxe5 19. e4 Bd4 20. h3 Qe5 21. Kh1 Bc8 22. Ba1 Nh5 23. Na2 Bxa1 24. Rxa1 Nf4 25. a5 Rd6 26. axb6 Rxb6 27. Qxc5 Rg6 28. Qe3 Bxh3 29. gxh3 Qg5 30. Qg3 Qf6 31. Qf3 Re5 32. Rac1 h6 33. Rc6 Qh4 34. Rxg6 fxg6 35. Nb4 Kh7 36. Qg3 Qf6 37. Nd3 Nxd3 38. Bxd3 Rg5 39. Qe3 Qc3 40. e5 Qb3 41. Bxg6+ 1-0

[Event "CCT Play-in Chessable Masters 2024"]
[Site "Online"]
[Date "2024.01.31"]
[Round "1"]
[White "DrVelja"]
[Black "Olafsson, Helgi"]
[Result "1-0"]
[WhiteElo "2582"]
[BlackElo "2471"]
[Annotator "RC"]
[PlyCount "121"]
[EventDate "2024.01.26"]
[EventType "swiss"]
[EventCountry "NET"]
[SourceTitle "playchess.com"]
[Source "ChessBase"]
[SourceQuality "1"]

1. e4 e5 2. Nf3 Nc6 3. Bb5 a6 4. Ba4 Nf6 5. O-O Be7 6. Bxc6 dxc6 7. d3 Qd6 8. Nbd2 Be6 9. b3 Nd7 10. Bb2 c5 11. Qe2 O-O 12. Nc4 Bxc4 13. bxc4 b5 14. a4 bxc4 15. dxc4 Qe6 16. a5 f6 17. Qd3 Rfd8 18. Rfd1 Rac8 19. Nh4 g6 20. Qe2 Nb8 21. Rd5 Nc6 22. c3 Rb8 23. g3 Bd6 24. Ng2 Rb3 25. Ne3 Rdb8 26. Rd2 Ne7 27. Kg2 Kg7 28. h4 h5 29. Rc2 Qd7 30. f3 R3b7 31. Qd2 Qe6 32. Bc1 Rf8 33. Nd5 Ng8 34. Rb2 Rxb2 35. Qxb2 f5 36. Qe2 c6 37. exf5 gxf5 38. Nf4 Qf7 39. Nh3 Nf6 40. Bg5 e4 41. Rd1 Be5 42. Nf4 Bxf4 43. Bxf4 Re8 44. Bg5 exf3+ 45. Qxf3 Ng4 46. Qxc6 Re2+ 47. Kg1 Qe6 48. Qxe6 Rxe6 49. Rd5 Kg6 50. Rxc5 Re1+ 51. Kg2 Re2+ 52. Kf1 Rc2 53. Rc6+ Kf7 54. Rxa6 Rxc3 55. Rc6 Ra3 56. a6 Ra2 57. Rc7+ Ke6 58. a7 Nh2+ 59. Ke1 Nf3+ 60. Kd1 Nd4 61. Be3 1-0

[Event "CCT Play-in Chessable Masters 2024"]
[Site "Online"]
[Date "2024.01.31"]
[Round "1"]
[White "baki83"]
[Black "yobdc"]
[Result "1-0"]
[WhiteElo "2580"]
[BlackElo "2343"]
[Annotator "NA"]
[PlyCount "107"]
[EventDate "2024.01.26"]
[EventType "swiss"]
[EventCountry "NET"]
[SourceTitle "playchess.com"]
[Source "ChessBase"]
[SourceQuality "1"]

1. e4 c5 2. Nf3 Nf6 3. e5 Nd5 4. Nc3 Nxc3 5. dxc3 Nc6 6. Bf4 Qb6 7. b3 Qc7 8. Qd2 e6 9. h4 h6 10. O-O-O a6 11. Bd3 b5 12. Be4 Bb7 13. Qe2 c4 14. Kd2 Ne7 15. Bxb7 Qxb7 16. Ke1 Nd5 17. Bd2 Rc8 18. b4 d6 19. Rh3 dxe5 20. Qxe5 Qc7 21. Qe2 Be7 22. Rg3 Bf6 23. Kf1 Bxc3 24. Bxh6 Kf8 25. Bd2 Bf6 26. Qe4 Rh5 27. a3 Rd8 28. Re1 Ne7 29. Qg4 g6 30. Bf4 Qc6 31. Be5 Bxe5 32. Nxe5 Qd5 33. Qf4 Nf5 34. Rh3 Qd2 35. Qe4 Rd4 36. Qb7 Nd6 37. Qa8+ Kg7 38. Nf3 Qf4 39. Nxd4 Qxd4 40. c3 Qf6 41. Qf3 Rf5 42. Qe3 Rf4 43. h5 Ne4 44. Re2 g5 45. h6+ Kh7 46. g3 Rg4 47. Rc2 Qf5 48. Kg2 Nf6 49. Qf3 Qxc2 50. Qxf6 Qg6 51. Qxg6+ fxg6 52. f3 Rd4 53. cxd4 c3 54. Rh1 1-0

[Event "CCT Play-in Chessable Masters 2024"]
[Site "Online"]
[Date "2024.01.31"]
[Round "1"]
[White "Kovalev, Vladislav"]
[Black "Warmerdam, Max"]
[Result "1/2-1/2"]
[WhiteElo "2579"]
[BlackElo "2625"]
[Annotator "RC"]
[PlyCount "80"]
[EventDate "2024.01.26"]
[EventType "swiss"]
[EventCountry "NET"]
[SourceTitle "playchess.com"]
[Source "ChessBase"]
[SourceQuality "1"]

1. e4 e5 2. Nf3 Nc6 3. Bb5 a6 4. Ba4 Nf6 5. O-O Be7 6. d3 b5 7. Bb3 d6 8. a3 Na5 9. Ba2 c5 10. Nc3 Be6 11. Bg5 O-O 12. b4 cxb4 13. axb4 Nc6 14. Bxf6 Bxf6 15. Nd5 g6 16. c3 Bg7 17. h3 Kh8 18. Ne3 Bd7 19. Qe2 f5 20. Bd5 Ra7 21. Ra3 Ne7 22. Bb3 Bc6 23. Ng5 Qe8 24. Rfa1 Bh6 25. Ne6 Rf6 26. Rxa6 Rxa6 27. Rxa6 Qc8 28. Qa2 Bxe3 29. fxe3 fxe4 30. Ra7 Bb7 31. dxe4 Nc6 32. Ra3 Nd8 33. Nxd8 Qxd8 34. Bd5 Qb6 35. Bxb7 Qxe3+ 36. Kh2 Qf4+ 37. Kg1 Qf1+ 38. Kh2 Qf4+ 39. Kg1 Qf1+ 40. Kh2 Qf4+ 1/2-1/2

[Event "CCT Play-in Chessable Masters 2024"]
[Site "Online"]
[Date "2024.01.31"]
[Round "1"]
[White "Prohaszka, Peter"]
[Black "igorkovalenko"]
[Result "1-0"]
[WhiteElo "2578"]
[BlackElo "2615"]
[Annotator "RC"]
[PlyCount "71"]
[EventDate "2024.01.26"]
[EventType "swiss"]
[EventCountry "NET"]
[SourceTitle "playchess.com"]
[Source "ChessBase"]
[SourceQuality "1"]

1. d4 Nf6 2. Nf3 g6 3. c4 Bg7 4. Nc3 d6 5. e4 Bg4 6. Be2 Nfd7 7. Ng1 Bxe2 8. Ngxe2 e5 9. d5 O-O 10. O-O Na6 11. Be3 f5 12. exf5 gxf5 13. f4 Qe7 14. Qc2 Rae8 15. Rae1 e4 16. a3 Nf6 17. h3 c5 18. dxc6 bxc6 19. b4 Nc7 20. Rd1 Ne6 21. Qa4 c5 22. Nd5 Nxd5 23. cxd5 Nd4 24. Nxd4 cxd4 25. Bxd4 Bxd4+ 26. Rxd4 Rc8 27. Qb3 Qg7 28. Rc4 Rxc4 29. Qxc4 Qb2 30. Rc1 Qxa3 31. Rc3 Qa1+ 32. Kh2 h6 33. Qd4 Qa6 34. Rg3+ Kf7 35. Qg7+ Ke8 36. Rg6 1-0

[Event "CCT Play-in Chessable Masters 2024"]
[Site "Online"]
[Date "2024.01.31"]
[Round "1"]
[White "Akobian, Varuzhan"]
[Black "Saric, Ivan"]
[Result "1/2-1/2"]
[WhiteElo "2571"]
[BlackElo "2689"]
[Annotator "TA"]
[PlyCount "71"]
[EventDate "2024.01.26"]
[EventType "swiss"]
[EventCountry "NET"]
[SourceTitle "playchess.com"]
[Source "ChessBase"]
[SourceQuality "1"]

1. d4 Nf6 2. c4 g6 3. Nc3 Bg7 4. Nf3 O-O 5. Bg5 c5 6. e3 cxd4 7. Nxd4 Qa5 8. Bxf6 Bxf6 9. Be2 Nc6 10. O-O Bg7 11. Nd5 e6 12. Nxc6 dxc6 13. Ne7+ Kh8 14. Nxc8 Raxc8 15. Qc2 Qb4 16. Rab1 Rcd8 17. Rfd1 a5 18. a3 Rxd1+ 19. Qxd1 Qb6 20. b4 Rd8 21. Qc2 axb4 22. axb4 h5 23. g3 Kg8 24. h4 Qa7 25. Rd1 Rxd1+ 26. Qxd1 Qa1 27. Qxa1 Bxa1 28. b5 cxb5 29. cxb5 b6 30. f4 f5 31. Kf2 Kf7 32. Bf3 e5 33. Bc6 exf4 34. exf4 Bd4+ 35. Kf3 Bc5 36. Kg2 1/2-1/2

[Event "CCT Play-in Chessable Masters 2024"]
[Site "Online"]
[Date "2024.01.31"]
[Round "1"]
[White "Tregubov, Pavel V."]
[Black "Paravyan, David"]
[Result "0-1"]
[WhiteElo "2567"]
[BlackElo "2612"]
[Annotator "RC"]
[PlyCount "78"]
[EventDate "2024.01.26"]
[EventType "swiss"]
[EventCountry "NET"]
[SourceTitle "playchess.com"]
[Source "ChessBase"]
[SourceQuality "1"]

1. e4 e5 2. Nf3 Nf6 3. Nxe5 d6 4. Nf3 Nxe4 5. c4 Nc6 6. d3 Nf6 7. d4 Be7 8. d5 Ne5 9. Be2 Nxf3+ 10. Bxf3 O-O 11. O-O Bf5 12. Nc3 Nd7 13. Be3 Bf6 14. Qd2 Re8 15. h3 h6 16. Rfe1 a6 17. Rad1 Bg5 18. Bxg5 Qxg5 19. Qxg5 hxg5 20. Be4 Bxe4 21. Nxe4 Re5 22. f3 Rae8 23. Kf2 Kf8 24. b3 b5 25. cxb5 axb5 26. Rc1 Nb6 27. Red1 Nxd5 28. Rd2 b4 29. Rc4 Ra8 30. g3 Ra5 31. Re2 f5 32. Nxg5 Rxe2+ 33. Kxe2 Rxa2+ 34. Kd3 Ke7 35. g4 Kf6 36. h4 Rb2 37. gxf5 Kxf5 38. Rg4 Rxb3+ 39. Kc4 Rxf3 0-1

[Event "CCT Play-in Chessable Masters 2024"]
[Site "Online"]
[Date "2024.01.31"]
[Round "1"]
[White "Bernadskiy, Vitaliy"]
[Black "Khanin, Semen"]
[Result "1-0"]
[WhiteElo "2566"]
[BlackElo "2558"]
[Annotator "RC"]
[PlyCount "97"]
[EventDate "2024.01.26"]
[EventType "swiss"]
[EventCountry "NET"]
[SourceTitle "playchess.com"]
[Source "ChessBase"]
[SourceQuality "1"]

1. e4 e5 2. Nf3 Nc6 3. Bb5 a6 4. Ba4 Nf6 5. O-O Be7 6. Nc3 b5 7. Bb3 d6 8. h3 O-O 9. d3 Na5 10. Ne2 Nxb3 11. axb3 Re8 12. Ng3 h6 13. b4 Bf8 14. c4 Rb8 15. Bd2 bxc4 16. dxc4 c6 17. Bc3 Qc7 18. Re1 Bb7 19. Qc2 Rbd8 20. Rad1 g6 21. b3 Bg7 22. Rd2 Nh7 23. Qb2 Ng5 24. Nxg5 hxg5 25. Red1 Bc8 26. Qa3 g4 27. Qa5 Qe7 28. hxg4 Bxg4 29. Re1 f5 30. Qxa6 f4 31. Nf1 f3 32. Nh2 Qg5 33. Qxc6 Bh3 34. g3 Qh5 35. Rxd6 Rxd6 36. Qxd6 Bg2 37. Qd7 Rf8 38. b5 Bh3 39. Qd3 g5 40. b6 Bc8 41. c5 g4 42. c6 Rf6 43. b7 Bxb7 44. cxb7 Rh6 45. Qd8+ Kh7 46. Qh4 Qe8 47. Qxg4 Qb5 48. Qf5+ Rg6 49. Nxf3 1-0

[Event "CCT Play-in Chessable Masters 2024"]
[Site "Online"]
[Date "2024.01.31"]
[Round "1"]
[White "Nasuta, Grzegorz"]
[Black "Kramnik, Vladimir"]
[Result "0-1"]
[WhiteElo "2563"]
[BlackElo "2753"]
[Annotator "TA"]
[PlyCount "78"]
[EventDate "2024.01.26"]
[EventType "swiss"]
[EventCountry "NET"]
[SourceTitle "playchess.com"]
[Source "ChessBase"]
[SourceQuality "1"]

1. e4 c5 2. Nf3 e6 3. d4 cxd4 4. Nxd4 Nf6 5. Nc3 Nc6 6. Nxc6 bxc6 7. e5 Nd5 8. Ne4 Bb7 9. Be2 c5 10. O-O Qc7 11. Nd6+ Bxd6 12. exd6 Qc6 13. f3 Qb6 14. c4 Nb4 15. Be3 a5 16. Qa4 Qxd6 17. Qb5 Qe5 18. Qxc5 Qxb2 19. Rfe1 Nc2 20. Rab1 Qc3 21. Bg5 f6 22. Red1 Bc6 23. Bf4 Qa3 24. Qxa3 Nxa3 25. Rb2 Ba4 26. Rdd2 e5 27. Be3 Rc8 28. Bc5 Rxc5 29. Rb8+ Kf7 30. Rxh8 Nxc4 31. Bxc4+ Rxc4 32. Ra8 Rc5 33. Ra7 Bc6 34. Kf2 g5 35. Ke3 h5 36. Kd3 Ke6 37. Rc2 e4+ 38. Kd2 e3+ 39. Kc1 e2 0-1